01001nam a2200253 a 450000100100000000500170001000800410002702000180006804000250008624501050011126000790021630000210029549000480031650000420036450400320040670000260043870000280046470000270049270000290051970000280054883000490057695201050062599900170073000003782920201002031125.0130306s2007 dr 000 0 spa d a9789945415155 aDO-SdBNPbspacBNPHU03aLa estructura impositiva y la limitada inversión en desarrollo humano /cOscar Amargos, [et. al.]. aSanto Domingo :bPontificia Universidad Católica Madre y Maestra,c2007. a230 p. ;c22 cm.1 aForo políticas sociales y bienestarvno.5 aIncluye notas al pie de las páginas aBibliografía : p. 229-2301 aCañete, Rosa9642811 aCastillo, Felipe9642821 aDíaz, Magín9642831 aHernández, Pedro926701 aPérez, César911675 0aForo políticas sociales y bienestar964284 0010718PDaPDbPDcCTd2013-03-06iLF1l0o p37829-10r2020-06-25w2020-06-25yLFPDZNo se presta c37319d37319